<?xml version="1.0" encoding="UTF-8"?>
<collection xmlns="http://www.loc.gov/MARC21/slim">
 <record>
  <leader>09477nam a2200613 a 4500</leader>
  <controlfield tag="001">kal107</controlfield>
  <controlfield tag="003">Gr-AtHEAL</controlfield>
  <controlfield tag="005">20160422085304.0</controlfield>
  <controlfield tag="006">m        d        </controlfield>
  <controlfield tag="008">160413s2015    gr      s           gre|c</controlfield>
  <datafield tag="020" ind1=" " ind2=" ">
   <subfield code="a">9786188212459</subfield>
  </datafield>
  <datafield tag="040" ind1=" " ind2=" ">
   <subfield code="a">GR-AtHEAL</subfield>
   <subfield code="b">gre</subfield>
   <subfield code="c">GR-AtHEAL</subfield>
  </datafield>
  <datafield tag="082" ind1="0" ind2="4">
   <subfield code="a">512</subfield>
   <subfield code="2">23</subfield>
  </datafield>
  <datafield tag="100" ind1="1" ind2=" ">
   <subfield code="a">Αντωνιάδης, Ιωάννης.</subfield>
   <subfield code="8">660</subfield>
  </datafield>
  <datafield tag="245" ind1="1" ind2="0">
   <subfield code="a">Θεωρία αριθμών και εφαρμογές</subfield>
   <subfield code="h">[Ηλεκτρονικός πόρος] </subfield>
   <subfield code="c">Αντωνιάδης, Ιωάννης ; Κοντογεώργης, Αριστείδης ; Κριτικός αναγνώστης,Θεοχάρη Αποστολίδου, Θεοδώρα ; Γλωσσική επιμέλεια,Καλλιάρας, Δημήτριος.</subfield>
  </datafield>
  <datafield tag="260" ind1=" " ind2=" ">
   <subfield code="a">Αθήνα :</subfield>
   <subfield code="b">Σύνδεσμος Ελληνικών Ακαδημαϊκών Βιβλιοθηκών,</subfield>
   <subfield code="c">c2015.</subfield>
  </datafield>
  <datafield tag="490" ind1=" " ind2=" ">
   <subfield code="a">Ακαδημαϊκά Ηλεκτρονικά Συγγράμματα και Βοηθήματα Κάλλιπος</subfield>
   <subfield code="8">40</subfield>
  </datafield>
  <datafield tag="505" ind1="0" ind2=" ">
   <subfield code="a">Αριθμοδεικτία των ρητών αριθμών∆ιαιρετότητα και πρώτοι αριθμοί 1.1 Το σύνολο των ακεραίων 1.2 ∆ιαιρετότητα1.3 Πρώτοι αριθμοί1.4 Το αξίωμα του Bertrand 1.5 Μ.Κ.∆.και Ε.Κ.Π. 1.6 Ο αλγόριθμος του Ευκλείδη 1.7 Το θεμελιώδες θεώρημα της Αριθμητικής ∆ιοφαντικές εξισώσεις 832.1 Εισαγωγή2.2 Γραμμικές διοφαντικές εξισώσεις 2.3 Πυθαγόρειες τριάδες 3 Επώνυμοι ακέραιοι 3.1 Φίλοι αριθμοί3.2 Τέλειοι αριθμοί3.3 Παραγοντοποίηση και κρυπτογραφία Ισοδυναμίες4.1 Εισαγωγή4.2 Η συνάρτηση φ 4.3 Γραμμικές ισοδυναμίες και συστήματα 4.4 Εφαρμογές των ισοδυναμιών4.5 ́Υψωση σε δύναμεις και εύρεση ρίζας4.6 Κρυπτογραφία4.7 Ισοδυναμίες ανωτέρου βαθμού4.8 Παραγοντοποίηση 4.9 Αλγόριθμοί παραγοντοποίησης ακεραίων αριθμών5 Τετραγωνικά Υπόλοιπα 1995.1 Ισοτιμίες δευτέρου βαθμού5.2 Ο τετραγωνικός νόμος αντιστροφής5.3 Σύνθετοι ακέραιοι 5.4 n-σταυπόλοιπα, αρχικές ρίζες και δείκτεςII ́Αρρητοι αριθμοί και αριθμητική 6 Αριθμοί Fibonacci 6.1 Αριθμοί Fibonacci6.2 Αριθμοί Lucas6.4 Ακολουθίες Lucas7 Συνεχή κλάσματα7.1 Συνεχή κλάσματα ρητών αριθμών 7.2 Ιδιότητες των συγκλινόντων7.3 Γραμμικές διοφαντικές εξισώσεις7.4 Το συνεχές κλάσμα ενός πραγματικού αριθμού7.5 Η βέλτιστη προσέγγιση7.6 Ισοδύναμοι αριθμοί7.7 Περιοδικά συνεχή κλάσματα7.8 Συνεχή κλάσματα και παραγοντοποίηση7.9 Το συνεχές κλάσμα του e7.10 Ιστορικά στοιχεία8 Η εξίσωση του Pell 8.1 Εισαγωγή8.2 Η εξίσωση του Pell8.3 Η γενικευμένη εξίσωση του Pell8.4 Ιστορικά στοιχεία9 Τετραγωνικές μορφές 9.1 Εισαγωγή9.2 Ισοδύναμες τετραγωνικές μορφές 9.3 Παράσταση ακεραίων9.4 Το πλήθος των παραστάσεων9.5 Ιστορικά στοιχεία10 Τετραγωνικά σώματα αριθμών 10.1 Η αριθμητική της περιοχής του Gauss10.2 Ακέραιοι αλγεβρικοί αριθμοί 10.3 Βάση και διακρίνουσα10.4 Η ομάδα των μονάδων10.5 Νόμος Ανάλυσης στα τετραγωνικά σώματα αριθμών10.6 Ιδεώδη και αριθμός κλάσεων10.7 Εφαρμογές</subfield>
  </datafield>
  <datafield tag="520" ind1=" " ind2=" ">
   <subfield code="a">Το βιβλίο αποτελεί μία εισαγωγή στην Θεωρία Αριθμών. Ιδιαίτερη έμφαση έχει δοθεί στην ιστορική εξέλιξη των ιδεών καθώς και στις εφαρμογές. Υπερκαλύπτει τις ανάγκες διδασκαλίας του αντίστοιχου μαθήματος σε ΟΛΑ τα Τμήματα Μαθηματικών της Χώρας. Η φιλοσοφία του είναι ότι, μέχρι σχεδόν το τέλος του 9ου Κεφαλαίου, να μην γίνει χρήση άλλων πιο προχωρημένων μαθημάτων, όπως Άλγεβρας κ.λ.π. αλλά η Άλγεβρα να στηριχθεί στη γνώση της βασικής Αριθμοθεωρίας. Αυτό γίνεται και για έναν επιπλέον λόγο. Η Άλγεβρα στο Τμήμα Μαθηματικών του Πανεπιστημίου Κρήτης, όπου υπηρετώ, διδάσκεται ουσιαστικά στο 6ο εξάμηνο και είναι πολύ αργά για να ακολουθήσει στοιχειώδες μάθημα Θεωρίας Αριθμών.Η Θεωρία των Αριθμών ανήκε για αιώνες στους κλάδους των, λεγόμενων Θεωρητικών Μαθηματικών.  Όμως τα τελευταία 35 χρόνια έχει βρει πολύ ενδιαφέρουσες εφαρμογές στην Κρυπτογραφία και την Κωδικοποίηση. Δεν είναι υπερβολή να πούμε ότι όλα τα συστήματα ασφαλείας σήμερα των Τραπεζών και όχι μόνο στηρίζονται σε μεθόδους και τεχνικές της Θεωρίας Αριθμών.  Έτσι δεν είναι δυνατόν να διδάσκεται σήμερα χωρίς την παραμικρή αναφορά στις εφαρμογές της, όπως διδασκόταν πριν από 50 ή και 100 χρόνια. Ο φοιτητής οφείλει να γνωρίζει σε βάθος τις &quot;ριζες&quot; της Θεωρίας, την ιστορία της, αλλά πρέπει να &quot;γεύεται&quot; και τους καρπούς της που είναι οι εφαρμογές της.Το βιβλίο χωρίζεται σε δύο μέρη. Το πρώτο μέρος αφορά στην Αριθμητική των Ρητών Αριθμών. Χωρίζεται σε πέντε Κεφάλαια. Το δεύτερο μέρος αφορά στην Aριθμητική των Aρρήτων ποσοτήτων δευτέρου βαθμού, (τετραγωνικών ριζών.) Αποτελείται από πέντε Κεφάλαια. Μέχρι και το ένατο Κεφάλαιο δεν χρειάζονται έξτρα γνώσεις. Το δέκατο Κεφάλαιο προαπαιτεί έλάχιστα στοιχεία Θεωρίας Galois, τα οποία θα παρουσιαστούν εν συντομία στο τέλος του βιβλίου.Το Κεφάλαιο αυτό αποτελεί την &quot;γέφυρα &quot; εισαγωγής στην Αλγεβρική Θεωρία Αριθμών.</subfield>
  </datafield>
  <datafield tag="650" ind1=" " ind2="0">
   <subfield code="a">Number theory</subfield>
   <subfield code="8">2174</subfield>
  </datafield>
  <datafield tag="653" ind1=" " ind2=" ">
   <subfield code="a">Πρώτοι αριθμοί</subfield>
  </datafield>
  <datafield tag="653" ind1=" " ind2=" ">
   <subfield code="a">Ψευδοπρώτοι</subfield>
  </datafield>
  <datafield tag="653" ind1=" " ind2=" ">
   <subfield code="a">Λ-Σειρές</subfield>
  </datafield>
  <datafield tag="653" ind1=" " ind2=" ">
   <subfield code="a">Σύμβολο Γιακοβι</subfield>
  </datafield>
  <datafield tag="653" ind1=" " ind2=" ">
   <subfield code="a">Σύμβολο Λεζαντρε</subfield>
  </datafield>
  <datafield tag="653" ind1=" " ind2=" ">
   <subfield code="a">Αριθμοί Καρμικαελ</subfield>
  </datafield>
  <datafield tag="653" ind1=" " ind2=" ">
   <subfield code="a">Φιμπονατσι και Λουκα αριθμοί</subfield>
  </datafield>
  <datafield tag="653" ind1=" " ind2=" ">
   <subfield code="a">Αριθμός κλάσεων Ιδεωδών</subfield>
  </datafield>
  <datafield tag="653" ind1=" " ind2=" ">
   <subfield code="a">Νόμος ανάλυσης</subfield>
  </datafield>
  <datafield tag="653" ind1=" " ind2=" ">
   <subfield code="a">Θεμελιώσης μονάδα</subfield>
  </datafield>
  <datafield tag="653" ind1=" " ind2=" ">
   <subfield code="a">Διακρίνουσα</subfield>
  </datafield>
  <datafield tag="653" ind1=" " ind2=" ">
   <subfield code="a">Βάση ακεραιότητας</subfield>
  </datafield>
  <datafield tag="653" ind1=" " ind2=" ">
   <subfield code="a">Κωδικοποίηση</subfield>
  </datafield>
  <datafield tag="653" ind1=" " ind2=" ">
   <subfield code="a">Τετραγωνικά σώματα αριθμών</subfield>
  </datafield>
  <datafield tag="653" ind1=" " ind2=" ">
   <subfield code="a">Τετραγωνικές μορφές</subfield>
  </datafield>
  <datafield tag="653" ind1=" " ind2=" ">
   <subfield code="a">Εξίσωση του Πελλ</subfield>
  </datafield>
  <datafield tag="653" ind1=" " ind2=" ">
   <subfield code="a">Συνεχή κλάσματα</subfield>
  </datafield>
  <datafield tag="653" ind1=" " ind2=" ">
   <subfield code="a">Κρυπτογραφία</subfield>
  </datafield>
  <datafield tag="653" ind1=" " ind2=" ">
   <subfield code="a">Παραγοντοποίηση</subfield>
  </datafield>
  <datafield tag="653" ind1=" " ind2=" ">
   <subfield code="a">Τέστ ελέγχου πρώτων αριθμών</subfield>
  </datafield>
  <datafield tag="653" ind1=" " ind2=" ">
   <subfield code="a">Δείκτες</subfield>
  </datafield>
  <datafield tag="653" ind1=" " ind2=" ">
   <subfield code="a">Αρχικές ρίζες</subfield>
  </datafield>
  <datafield tag="653" ind1=" " ind2=" ">
   <subfield code="a">Νόμος τετραγωνικής αντιστροφής</subfield>
  </datafield>
  <datafield tag="653" ind1=" " ind2=" ">
   <subfield code="a">Τετραγωνικά υπόλοιπα</subfield>
  </datafield>
  <datafield tag="653" ind1=" " ind2=" ">
   <subfield code="a">Ισοτιμίες</subfield>
  </datafield>
  <datafield tag="653" ind1=" " ind2=" ">
   <subfield code="a">Διοφαντικές εξισώσεις</subfield>
  </datafield>
  <datafield tag="653" ind1=" " ind2=" ">
   <subfield code="a">Μαθηματικά</subfield>
   <subfield code="a">Θεωρία αριθμών</subfield>
  </datafield>
  <datafield tag="700" ind1="1" ind2=" ">
   <subfield code="a">Κοντογεώργης, Αριστείδης</subfield>
   <subfield code="e">Συγγραφέας</subfield>
   <subfield code="8">669</subfield>
  </datafield>
  <datafield tag="700" ind1="1" ind2=" ">
   <subfield code="a">Θεοχάρη Αποστολίδου, Θεοδώρα</subfield>
   <subfield code="e">Κριτικός αναγνώστης</subfield>
   <subfield code="8">670</subfield>
  </datafield>
  <datafield tag="856" ind1="4" ind2="0">
   <subfield code="u">http://hdl.handle.net/11419/107</subfield>
   <subfield code="z">Πλήρες Κείμενο - Full text</subfield>
  </datafield>
  <datafield tag="907" ind1=" " ind2=" ">
   <subfield code="a">.b25679119</subfield>
   <subfield code="b">12-06-18</subfield>
   <subfield code="c">29-07-16</subfield>
  </datafield>
  <datafield tag="949" ind1=" " ind2=" ">
   <subfield code="0">0</subfield>
   <subfield code="1">0</subfield>
   <subfield code="2">ddc</subfield>
   <subfield code="4">0</subfield>
   <subfield code="6">512_000000000000000_ΑΝΤ</subfield>
   <subfield code="7">0</subfield>
   <subfield code="8">KALL</subfield>
   <subfield code="8">670</subfield>
   <subfield code="d">2016-04-13</subfield>
   <subfield code="r">2016-04-13</subfield>
   <subfield code="w">2016-04-13</subfield>
   <subfield code="z">512 ΑΝΤ</subfield>
   <subfield code="o">SEAB KALLIPOS</subfield>
  </datafield>
  <datafield tag="998" ind1=" " ind2=" ">
   <subfield code="a">80</subfield>
   <subfield code="a">01</subfield>
   <subfield code="a">02</subfield>
   <subfield code="a">03</subfield>
   <subfield code="a">04</subfield>
   <subfield code="a">05</subfield>
   <subfield code="a">06</subfield>
   <subfield code="a">07</subfield>
   <subfield code="a">08</subfield>
   <subfield code="a">09</subfield>
   <subfield code="a">10</subfield>
   <subfield code="a">11</subfield>
   <subfield code="a">12</subfield>
   <subfield code="a">13</subfield>
   <subfield code="a">14</subfield>
   <subfield code="a">15</subfield>
   <subfield code="a">16</subfield>
   <subfield code="a">17</subfield>
   <subfield code="a">18</subfield>
   <subfield code="a">19</subfield>
   <subfield code="a">20</subfield>
   <subfield code="a">21</subfield>
   <subfield code="a">22</subfield>
   <subfield code="a">23</subfield>
   <subfield code="a">24</subfield>
   <subfield code="a">25</subfield>
   <subfield code="a">26</subfield>
   <subfield code="b">15-05-17</subfield>
   <subfield code="c">m</subfield>
   <subfield code="d">z  </subfield>
   <subfield code="e">-</subfield>
   <subfield code="f">gre</subfield>
   <subfield code="g">gr </subfield>
   <subfield code="h">0</subfield>
  </datafield>
  <datafield tag="942" ind1=" " ind2=" ">
   <subfield code="2">ddc</subfield>
   <subfield code="c">KALLIPOS</subfield>
  </datafield>
 </record>
</collection>
